MARC
| LEADER | 00000 a a2200000 04500 | ||
|---|---|---|---|
| 001 | 22432 | ||
| 003 | |||
| 040 | |||
| 090 | |a 151800 | ||
| 110 | |a Instituto Centroamericano de Administración Pública | ||
| 245 | |a Documentos sobre aspectos institucionales de la integración centroamericana / |c Instituto Centroamericano de Administración Pública | ||
| 260 | |a San José: |b ICAP | ||
| 300 | |a 105 p. | ||
| 710 | |a ICAP | ||
| 999 | |c 14346 |d 14346 | ||
